Дело о командировании за границу и оставлении при университете для приготовления к профессорскому званию

Доступно только в Электронных читальных залах Найти на картеНа карте
RUSMARC
00003892nmc2a22000003x 450
001660bacdf-8040-4548-8a68-3534b583ff77
00520181025015140.0
100##$a20161019l19101910k l0rusy0189 ca
1010#$arus
$ager
102##$aRU
2001#$aДело о командировании за границу и оставлении при университете для приготовления к профессорскому званию
$j5 июля - 29 сентября 1910 г.
$hЧасть 4
251##$cДело
300##$aНа русском и немецком языках
801#0$aRU
$bРГИА
$c20161019
$gRCR
801#1$aRU
$bГлавНИВЦ
$c20161019
$2rusmarc
801#2$aRU
$bПБ им. Б.Н. Ельцина
$c20181025
$gRCR
$2rusmarc
850##$aРГИА
852##$aРГИА
$eФедеральное казенное учреждение "Российский государственный исторический архив" (РГИА)
$j562
937##$hРГИА
$d12223374
$aASBIBLIO_SCAN
462#0$100126b40e11-af91-4857-a996-d385742ed9e4
$12001
$aДела по ученым учреждениям и высшим учебным заведениям Департамента народного просвещения за 1908-1910 гг.
$1251
$cОпись
$1852
$j154
461#0$1001a74412a3-3cc5-4d21-8f0a-dfe2fbd9e72d
$12001
$aДепартамент народного просвещения Министерства народного просвещения (1803-1917)
$1251
$cФонд
$1852
$j733
215##$a294 л.
$d36,5х26 см
$cил.
371##$aДокумент не является опубликованным и широко распространяемым
105##$aa###
1222#$ad
035##$a660bacdf-8040-4548-8a68-3534b583ff77
856##$uhttp://readingroom.main.prlib.ru/item.aspx?id_node=n119939176&mode=full
Формат отображения